Montreal-Trudeau Int'l Airport Destinations - Statistics

General Stats
  • This quiz has been taken 27 times
  • The average score is 92 of 186
Answer Stats
Hint Airlines Answer % Correct
Netherlands Air Canada, KLM Amsterdam
88%
Algeria Air Canada, Air Algerie Algiers
84%
United States Air Canada, Delta Atlanta (GA)
84%
Spain Air Canada, Air Transat Barcelona (CT)
84%
Germany Air Canada Berlin
84%
United States Air Canada, American, United Chicago (O'Hare) (IL)
84%
Canada Air Canada, WestJet, Porter Edmonton (AB)
84%
Portugal Air Canada, Air Transat, TAP Air Portugal Lisbon
84%
United Kingdom Air Transat London (Gatwick) (ENG)
84%
United Kingdom Air Canada, British Airways London (Heathrow) (ENG)
84%
United States Air Canada Los Angeles (CA)
84%
Mexico Air Canada, Aeromexico Mexico City (D.F.)
84%
United States Air Canada, American Miami (FL)
84%
Italy Air Canada, Air Transat Rome (LAZ)
84%
Canada Air Canada, Porter Toronto (Billy Bishop) (ON)
84%
Canada Air Canada, Air Transat, WestJet, Porter Toronto (Pearson) (ON)
84%
Canada Air Canada, WestJet, Porter, Flair Vancouver (BC)
84%
Greece Air Canada, Air Transat Athens
80%
Colombia Air Canada, Avianca Bogota
80%
United States Air Canada Boston (MA)
80%
Belgium Air Canada, Air Transat Brussels
80%
Canada Air Canada, WestJet, Porter Calgary (AB)
80%
Ireland Air Canada Dublin
80%
Spain Air Canada, Air Transat Madrid (MD)
80%
Italy Air Canada Milan (Malpensa) (LOM)
80%
United States Air Canada New York City (JFK) (NY)
80%
United States Air Canada, American, Delta New York City (LaGuardia) (NY)
80%
France Air Canada, Air Transat, Air France Paris (Charles de Gaulle)
80%
France French Bee Paris (Orly)
80%
United States Air Canada, United San Francisco (CA)
80%
Mexico Air Canada, Air Transat, WestJet Cancun (QR)
76%
United States American Charlotte (NC)
76%
United Arab Emirates Emirates Dubai (International)
76%
Canada Air Canada, Porter Halifax (NS)
76%
France Air Canada, Air Transat Lyon
76%
Switzerland Swiss International Zurich
76%
France Air Transat Bordeaux
72%
Morocco Air Canada, Royal Air Maroc Casablanca
72%
United States Air Canada, American Dallas/Fort Worth (TX)
72%
India Air Canada Delhi (New Delhi) (NCT)
72%
United States Air Canada Denver (CO)
72%
Switzerland Air Canada Geneva
72%
Turkey Turkish Istanbul
72%
United States Air Canada Las Vegas (NV)
72%
France Air Canada, Air Transat Nice
72%
United States Air Canada, Air Transat Orlando (FL)
72%
Canada Air Canada, Air Transat, Propair, PAL, Air Inuit, Central Mountain Air Quebec City (QC)
72%
Brazil Air Transat Rio de Janeiro (Galeao)
72%
United States Air Canada Seattle/Tacoma (WA)
72%
Israel Air Canada Tel Aviv
72%
Japan Air Canada Tokyo (Narita)
72%
Italy Air Canada Venice (VEN)
72%
United States Air Canada, United Washington (Dulles) (D.C./VA)
72%
United States Air Canada Washington (National) (D.C./VA)
72%
Belize Air Canada Belize City
68%
Denmark Air Canada Copenhagen
68%
United States Air Canada, Delta Detroit (MI)
68%
Qatar Qatar Airways Doha
68%
United States Porter Fort Myers (FL)
68%
Germany Air Canada, Lufthansa Frankfurt
68%
United States Air Canada Houston (Bush) (TX)
68%
Peru Air Canada, Air Transat Lima
68%
France Air Transat Marseille
68%
Italy Air Canada Naples (CAM)
68%
Mexico Air Canada San Jose del Cabo (BCS)
68%
Costa Rica Air Canada, Air Transat San Jose (SJ)
68%
United Kingdom (Territory) BermudAir Bermuda
64%
Guatemala Air Canada Guatemala City
64%
United States Air Canada, Delta Minneapolis/St. Paul (MN)
64%
Germany Lufthansa Munich
64%
Bahamas Air Canada, Porter Nassau
64%
Canada Air Canada, Air Transat, Propair Ottawa (ON)
64%
United States Air Canada Phoenix (AZ)
64%
United States Air Canada Pittsburgh (PA)
64%
Portugal Air Canada, Air Transat Porto
64%
South Korea Air Canada Seoul (Incheon)
64%
United States Air Canada Tampa (FL)
64%
Jordan Royal Jordanian Amman (Queen Alia)
60%
United States Air Canada Austin (TX)
60%
Barbados Air Canada Barbados (Bridgetown)
60%
Mexico Air Transat Guadalajara (JA)
60%
Colombia Air Transat Medellin
60%
United States Air Canada, Porter, United Newark (NJ)
60%
Panama Copa Panama City (Tocumen)
60%
Dominican Republic Air Canada, Air Transat, WestJet, Arajet Punta Cana
60%
United States Air Canada San Diego (CA)
60%
Chile Air Canada Santiago
60%
Canada Air Canada, WestJet Winnipeg (MB)
60%
Mexico Air Transat Acapulco (GR)
56%
United Kingdom Air Canada Edinburgh (SCT)
56%
United States Air Canada, American Philadelphia (PA)
56%
Iceland Air Canada, Air Transat Reykjavik
56%
Brazil Air Canada Sao Paulo (Guarulhos)
56%
France Air Canada, Air Transat Toulouse
56%
Switzerland Air Transat Basel/Mulhouse
52%
Colombia Air Canada, Air Transat Cartagena
52%
United States Air Canada Cincinnati (OH/KY)
52%
United States Air Canada Cleveland (OH)
52%
France (Territory) Air Canada, Air Transat Fort-de-France (Martinique)
52%
United States Air Canada, Air Transat, Porter Fort Lauderdale (FL)
52%
Tunisia Tunisair Tunis
52%
Spain Air Transat Valencia (VC)
52%
Austria Austrian Vienna
52%
Senegal Air Transat Dakar
48%
Nicaragua WestJet Managua
48%
Morocco Air Transat Marrakesh
48%
Jamaica Air Canada, Air Transat, WestJet Montego Bay
48%
United States Air Canada Nashville (TN)
48%
Mexico Air Canada, Air Transat Puerto Vallarta (JA)
48%
Canada Air Canada Regina (SK)
48%
Canada Air Canada Saint John (NB)
44%
United States (Territory) Air Canada, Air Transat San Juan (P.R.)
44%
Morocco Air Transat Agadir
40%
United States Air Canada Columbus (OH)
40%
Netherlands (Territory) Air Canada Curacao
40%
Dominican Republic Air Canada, Air Transat La Romana
40%
Spain Air Transat Malaga (AN)
40%
France (Territory) Air Canada, Air Transat, Air France Pointe-a-Pitre (Guadaloupe)
40%
Portugal (Territory) Azores Ponta Delgada (Azores)
40%
United States Air Canada Raleigh/Durham (NC)
40%
France (Territory) Air Saint-Pierre Saint-Pierre
40%
El Salvador Air Transat, Avianca El Salvador San Salvador
40%
Bahamas Air Canada San Salvador
40%
Canada Air Canada Saskatoon (SK)
40%
United States Air Canada St. Louis (MO)
40%
Cuba Air Canada, Air Transat, WestJet Varadero
40%
Italy Air Canada Catania (SIC)
36%
Canada Air Canada Fredericton (NB)
36%
Costa Rica Air Canada, Air Transat, WestJet Liberia (GU)
36%
Spain Air Canada Palma de Mallorca (BI)
36%
Mexico Air Canada, Air Transat, WestJet Tulum (QR)
36%
Bahamas WestJet Freeport
32%
Cuba Air Transat, WestJet Holguin
32%
Mexico Air Canada Ixtapa/Zihuatenejo (GR)
32%
Canada Air Canada Kelowna (BC)
32%
Canada Air Canada Moncton (NB)
32%
France Air Canada, Air Transat Nantes
32%
United Kingdom (Territory) Air Canada Providenciales (Turks & Caicos)
32%
Canada Air Canada St. John's (NL)
32%
Netherlands (Territory) Air Canada, Air Transat, WestJet St. Maarten
32%
Cuba Air Canada, Air Transat, WestJet Cayo Coco
28%
Mexico Air Canada, Air Transat Cozumel (QR)
28%
Honduras WestJet Roatan
28%
Canada Air Canada Charlottetown (PEI)
24%
Mexico WestJet Mazatlan (SI)
24%
Dominican Republic Air Canada, Air Transat, WestJet Puerto Plata
24%
Canada Air Canada Sydney (NS)
24%
Dominican Republic Air Canada, Air Transat, WestJet Samana
20%
Cuba Air Transat, WestJet Santa Clara
20%
Canada Propair Sudbury (ON)
20%
Cuba WestJet Cayo Largo del Sur
16%
Canada Air Canada, Propair Rouyn-Noranda (QC)
16%
Colombia WestJet San Andres Island
16%
Canada Air Canada, PAL, Air Inuit, Central Mountain Air Sept-Iles (QC)
16%
Canada Air Canada, Propair Bathurst (NB)
12%
Canada Air Creebec Chisasibi (QC)
12%
Cuba WestJet Cienfuegos
12%
Canada Air Canada Deer Lake (NL)
12%
Canada Air Canada Gander (NL)
12%
Canada PAL Gaspe (QC)
12%
Canada Air Canada, PAL Iles-de-la-Madeleine (QC)
12%
Canada Air Inuit Kuujjuaq (QC)
12%
Canada Air Creebec, Air Inuit Kuujjuarapik (QC)
12%
Panama Air Transat, WestJet Rio Hato
12%
Canada Air Creebec, PAL Val-d'Or (QC)
12%
Canada Air Inuit Akulivik (QC)
8%
Canada Air Creebec Chibougamau (QC)
8%
Canada Air Inuit Umiujaq (QC)
8%
Canada Air Canada Bagotville/Sagueney (QC)
4%
Canada Central Mountain Air Blanc-Sablon (QC)
4%
Canada Central Mountain Air Chevery (QC)
4%
Canada Air Creebec Eastmain (QC)
4%
Canada Air Inuit Inukjuak (QC)
4%
Canada Air Inuit Ivujivik (QC)
4%
Canada Central Mountain Air La Romaine (QC)
4%
Canada Central Mountain Air Natashquan (QC)
4%
Canada Air Creebec Nemaska (QC)
4%
Canada Central Mountain Air Saint-Augustin (QC)
4%
Canada Air Inuit Salluit (QC)
4%
Canada Air Inuit Schefferville (QC)
4%
Canada PAL Wabush (NL)
4%
Canada Air Creebec Waskaganish (QC)
4%
Canada Air Creebec Wemindji (QC)
4%
Canada Propair Gatineau (QC)
0%
Canada Air Inuit La Grande (QC)
0%
Canada Air Inuit Puvirnituq (QC)
0%
No matching quizzes found
Score Distribution
Percent of People with Each Score
Percentile by Number Answered
Your Score History
You have not taken this quiz